|
|
|
|
| LEADER |
00000nam a2200000 i 4500 |
| 001 |
DIGUCANT0172 |
| 003 |
NyNyDIG |
| 007 |
cr ||||||||||| |
| 008 |
230901s2023 sp a ob 000 0 spa d |
| 006 |
m o d |
| 035 |
|
|
|a (OCoLC)1397044125
|
| 040 |
|
|
|a DGITA
|b eng
|e rda
|e pn
|c DGITA
|
| 020 |
|
|
|a 9788419024381
|q eBook
|q pdf
|
| 020 |
|
|
|z 9788419024374
|q rústica
|
| 024 |
7 |
|
|a 10.22429/Euc2023.004
|2 doi
|
| 043 |
|
|
|a e-sp---
|
| 050 |
1 |
4 |
|a KKT2954 ebook
|
| 100 |
1 |
|
|a Cañizal Berini, Fernando,
|e author.
|
| 245 |
1 |
4 |
|a Los contratos para la construcción y explotación de obras y la prestación de servicios /
|c Fernando Cañizal Berini.
|
| 264 |
|
1 |
|a Santander :
|b Ediciones Universidad Cantabria,
|c [2023]
|
| 300 |
|
|
|a 1 online resource :
|b illustrations.
|
| 336 |
|
|
|a text
|b txt
|2 rdacontent
|
| 337 |
|
|
|a computer
|b c
|2 rdamedia
|
| 338 |
|
|
|a online resource
|b cr
|2 rdacarrier
|
| 347 |
|
|
|a text file
|2 rdaft
|
| 347 |
|
|
|b PDF
|
| 490 |
1 |
|
|a Colección Manuales ;
|v #83
|
| 490 |
1 |
|
|a Textos universitarios ;
|v no. 32.
|a Ingenierías
|
| 504 |
|
|
|a Includes bibliographical references.
|
| 588 |
0 |
|
|a Online resource; title from PDF title page (Digitalia, viewed September 1, 2023)
|
| 650 |
|
0 |
|a Public contracts
|z Spain.
|
| 650 |
|
0 |
|a Construction contracts
|z Spain.
|
| 650 |
|
0 |
|a Municipal services
|x Contracting out
|z Spain.
|
| 791 |
2 |
|
|a Digitalia (Firm),
|e distributor.
|
| 793 |
0 |
|
|g Digitalia eBook Collection:
|a Universidad de Cantabria
|
| 776 |
0 |
8 |
|i Print version:
|a Cañizal Berini, Fernando.
|t Contratos para la construcción y explotación de obras y la prestación de servicios.
|d Santander : Ediciones Universidad Cantabria, [2023]
|z 9788419024374
|
| 830 |
|
0 |
|a Colección Manuales (Editorial Universidad de Cantabria) ;
|v #83.
|
| 830 |
|
0 |
|a Textos universitarios (Editorial Universidad de Cantabria) ;
|v no. 32.
|p Ingenierías.
|
| 856 |
4 |
0 |
|3 Digitalia Hispánica
|u https://www.digitaliapublishing.com/a/129356/
|
| 910 |
|
|
|a Premium collection: 2023
|